Topics in contemporary mathematics /
Guardado en:
| Autor Principal: | |
|---|---|
| Otros Autores: | |
| Formato: | Libro |
| Idioma: | English |
| Publicado: |
New York :
Harper & Row,
c1984.
|
| Edición: | 3rd ed. |
| Materias: | |
| Etiquetas: |
Agregar Etiqueta
Sin Etiquetas, Sea el primero en etiquetar este registro!
|
| LEADER | 01019cam a2200217 a 4500 | ||
|---|---|---|---|
| 001 | MAT.inmabb003186 | ||
| 008 | 830422s1984####nyua##########001#0#eng## | ||
| 005 | 20130226144439.0 | ||
| 245 | 1 | 0 | |a Topics in contemporary mathematics / |c Jack R. Britton, Ignacio Bello. |
| 250 | |a 3rd ed. | ||
| 260 | |a New York : |b Harper & Row, |c c1984. | ||
| 300 | |a xi, 651, 43, 12 p. : |b il. ; |c 25 cm. | ||
| 505 | 8 | |a Capítulos: 1. Sets -- 2. Logic -- 3. Numeration systems -- 4. Numbers and their uses -- 5. Consumer mathematics -- 6. The metric system -- 7-8. An introduction to algebra -- 9. An introduction to geometry -- 10. Introduction to matrices -- 11. Mathematical systems -- 12. Counting techniques -- 13. Probability -- 14. Introduction to statistics -- 15. Calculators and computers. | |
| 020 | |a 0060409924 | ||
| 100 | 1 | |a Britton, Jack Rolf, |d 1908- | |
| 700 | 1 | |a Bello, Ignacio. | |
| 650 | 0 | |a Mathematics. | |
| 084 | |a 00A05 |2 msc2000 | ||
| 010 | |a 83008524 | ||
| 040 | |a DLC |c DLC |d DLC | ||
| 859 | |h 00A05 |i B862 |p A-6601 |b BIB. MATEMATICA | ||
